CORES DAS ÁREAS DE INSTRUÇÃO - Statistics

Estatísticas Gerais
  • Esse quiz foi jogado 727 vezes
  • A pontuação média é 10 de 20
Estatísticas das Respostas
Hint Resposta % Correto
COR AZUL
96%
VISIBILIDADE VERDE
90%
HORIZONTE AMARELO
89%
VERMELHO
89%
NUVENS ÂMBAR
61%
Ilimitada
58%
Bem definido
47%
Ligeiramente Prejudicada
47%
Sem nuvens
47%
Parcialmente definido
46%
Muito Prejudicada
42%
Pouco definido
42%
Fechado
40%
Muitas nuvens
40%
Não observável
38%
Névoa Intensa
35%
Algumas nuvens esparsas
33%
Observável a grande altitude
25%
Fechada por nebulosidade
21%
Topo névoa com muitas nuvens
21%
Nenhum quiz correspondente encontrado
Distribuição das Pontuações
Porcentagem de Pessoas com Cada Pontuação
Percentil de Números Respondidos
Sua Pontuação Histórica
Você não jogou esse quiz